000 00767aam a2200277 4500
005 20170214193749.0
008 150415b xxu||||| |||| 00| 0 spa d
041 _aspa
082 _a1.4.23 M846ad2
100 _aMorfin Herrera, María del Carmen
_910598
245 _aAdministración de comedor y bar
250 _a2 edición
260 _aMéxico
_bTrillas
_c2006
300 _a277 páginas
650 _aRESTAURANTES
_91700
650 _aBARES
_910599
650 _aCAFETERÍAS
_97451
650 _aADMINISTRACIÓN
_9268
650 _aALIMENTOS Y BEBIDAS
_91701
650 _aCONTROLES EN RESTAURANTES
_933740
650 _aMOBILIARIO Y EQUIPO
_933741
650 _aCOMEDORES
_919697
650 _aVINOS
_910613
650 _aBUFFET
_95282
942 _cBK
999 _c4634
_d4634